Personnalités au hasard #40 - Statistiques

Statistiques générales
  • Ce quiz a été pris 185 fois
  • Le résultat moyen est 10 sur 32
Statistiques - réponses
Par images Réponse % Correct
Marc Lavoine
81%
Claire Chazal
77%
Jeff Bezos
72%
Chris Hemsworth
65%
Joueur du Grenier
65%
Laurent Baffie
64%
Benjamin Biolay
57%
Bernard Campan
50%
Rowan Atkinson
49%
Deujna
48%
Bastien Grimal
44%
Cédric Villani
42%
Anémone
35%
Charlotte de Turckheim
27%
Naomi Campbell
24%
Sophie Turner
24%
Nathalie Kosciusko-Morizet
21%
Tina Arena
20%
Judith Godrèche
18%
Caroline Roux
11%
Marcello Mastroianni
11%
Stephanie McMahon
10%
Léon Deffontaines
7%
Marc Anthony
7%
Matthew Lewis
7%
Nicole Garcia
7%
Éric Piolle
6%
Wendy Bouchard
6%
Ava Gardner
3%
Melissa Gilbert
3%
Harold Macmillan
2%
Linda Darnell
1%
Aucun quiz correspondant
Distribution des résultats
% des personnes avec chaque résultat
Percentile par nombre de réponses
Votre historique - résultats
Vous n’avez pas pris ce quiz